000 00972nam a22003017a 4500
003 CHAP
005 20220329135242.0
008 971013s1971 r 10010 d
010 _a33304
011 _a34276
035 _a38392
040 _cCHAP
082 _a636.085
_bN8 1971
111 0 0 _aNutrition Conference for Feed Manufacturers (
_n5
_d: 1971
_c: Nottingham)
_982295
245 _a(Proceedings)
260 _aEdinburg :
_bChurchill,
_c1971
300 _a156 p.
590 _aBATCH-UPD
_b10
_c20130110
_lUCH01
_h2019
590 _aBATCH-UPD
_b10
_c20130410
_lUCH01
_h1337
590 _aCONVERSION
_b10
_c20130109
_lUCH01
_h1319
650 1 4 _aAlimentos y alimentacion del ganado.
_94326
700 0 _aLewis, Dyfed.
_966511
700 0 _aSwan, Henry.
_9110849
901 _aBK
942 _cLIBRO
949 _a636.085 N8 1971
_bBC
_cLIBRO
_d33724000272225
_eLIBRO
_h17062
_i38392
_si
949 _a636.085 N8 1971
_bBC
_cLIBRO
_d33724000272258
_eLIBRO
_fc.2
_h30375
_i38392
_si
999 _c33304
_d33304